000
00317nam a2200121 a 4500
005
20140414131856.0
008
100901s19uu xx 00 eng d
050
_a
FIL
_b
M27 2005
100
_a
Belen, Christine
245
_a
Ang mahiwagang biyulin.
260
_a
Manila, Philippines :
_b
Anvil,
_c
2005.
999
_c
110445
_d
110445